000 00967nam0a22002891 4500
001 rc\2778551
005 20250806205511.0
035 _a(NLR Aleph) 006904803
090 _a33527
_c33527
100 _a20110915d1942 u y0rusy50 ca
101 0 _arus
102 _aRU
105 _aa z |||||
200 1 _aСпутник партизана
_fРед.-сост. Ю. Вебер
205 _a3-е изд., доп.
210 _a[Москва]
_cМолодая гвардия
_d1942
215 _a432 с.
_cил.
_d13 см.
300 _aНа обороте тит. л.: Ред.-сост. Ю. Вебер
702 1 _aВебер
_bЮ. Г.
_cписатель
_f1905-1989
_gЮрий Германович
_3RU\NLR\AUTH\770221794
_4220
801 0 _aRU
_bNLR
_gpsbo
801 1 _aRU
_bELAR
_2rusmarc
852 _aNLR
_j63-1/1158
942 _cBOOK
945 _aРоссийская национальная библиотека
980 _aNB
980 _aBV